Responses for Show #3580 - Friday, March 10, 2000

Contestants

[<< previous game]

Maggie Harris, a program coordinator from Sautee, Georgia

John Mollenkamp, an attorney from Jefferson City, Missouri

Charles Hubert, a developer from Tucker, Georgia (whose 1-day cash winnings total $6,399)

[next game >>]

Jeopardy! Round responses

SCIENCE
THE CINEMA
NON-RELIGIOUS HOLIDAYS
ISLANDS
NAME THE DECADE
DIRTY 4-LETTER WORDS
    $100 6
(Charles: What is an integer?)

a digit

CharlesJohn
    $100 14
Tarzan

Maggie
    $100 11
(Maggie: What is Memorial Day?)

Mother's Day

JohnMaggie
    $100 1
(John: What is Kangaroo Island?)
...
(Alex: We were going for the country.)

Australia

CharlesJohn
    $100 26
(Charles: What is the 16th century?)

the 1950s

CharlesJohn
    $100 21
scum

Charles
    $200 7
gravity

Maggie
    $200 15
The Nutty Professor

Maggie
    $200 12
April 1

Charles
    $200 2
Maui

Triple Stumper
    $200 27
(Maggie: What is the 1760s?)

the 1770s

CharlesMaggie
    $200 22
rust

Maggie
    $300 8
eye

John
    $300 16
(Maggie: What is Eraser?)

Vanessa Williams

Maggie
Triple Stumper
    $400 13
(Charles: What is Presidents' Day?)

Lincoln's Birthday

Charles
    $300 3
(John: What is Alba?)

St. Helena

CharlesJohn
    $300 28
the 1620s

John
    $300 23
rank

Charles
    $400 9
hot air balloons

Triple Stumper
    $400 17
True Crime

Triple Stumper
    $400 19
October 12

Charles
    $400 4
(Charles: What is Borneo?)

New Guinea

Charles
Triple Stumper
    $400 29
the 1930s

Charles
    $400 24
gunk

Triple Stumper
    $500 10
(Charles: What are...)
(John: What are monera?)
(Maggie: What are viruses?)

fungi

CharlesJohnMaggie
Triple Stumper
    $500 18
Fred Astaire

Charles
    $500 20
Boxing Day (December 26)

Charles
    $500 5
Chateau d'If

Triple Stumper
    $500 30
the 1830s

Charles
    $500 25
(Alex: ...with less than a minute to go...)

crud

John

Scores at the first commercial break (after clue 13):

Charles John Maggie
-$800 -$400 -$400

Scores at the end of the Jeopardy! Round:

Charles John Maggie
$2,000 $500 -$400

Double Jeopardy! Round responses

LIONS
MASONS
THE ROTARY CLUB
ODD FELLOWS
OPTIMISTS
THE "Y"
    $200 1
Christians

John
    $200 2
Mason jar

Charles
    $200 3
touch-tone

Maggie
    $200 7
Rip Van Winkle

Charles
    $200 13
(John: What is 1987?)

1929

JohnMaggie
    $200 27
yin

Maggie
    $400 4
(Maggie: What is a pad?)

claw

Maggie
Triple Stumper
    $400 18
Jackie Mason

Charles
    $400 22
wings

Maggie
    $400 8
bees

Maggie
    $500 14
"I think I can"

Maggie
    $400 28
yeast

Charles
    $600 5
zebra

Maggie
    $600 19
James Mason

Charles
    $600 23
shoulder

John
    $600 10
Paul Bunyan

John
    $600 15
to put a man on the Moon

Charles
    $600 29
York

Maggie
    $800 6
Tendons

Charles
    $800 20
Marsha Mason

Charles
    $800 25
a rotary press

John
    $800 11
Rome

Maggie
    $800 16
Positive Thinking

Maggie
    $800 30
Yahweh

John
    $600 9
(Maggie: What is cat?)

Leo

Maggie
    $1000 21
Mason Williams

Charles
    $1000 24
(Alex: Less than a minute to go.)

Felix Wankel

Charles
    $1000 12
William Faulkner

Charles
    $1000 17
cold/nuclear fusion

Maggie
    $1000 26
the yellowhammer

Charles

Scores at the end of the Double Jeopardy! Round:

Charles John Maggie
$10,000 $3,300 $4,300
(lock game)

[wagering suggestions for these scores]

Final Jeopardy! Round responses

FICTIONAL CHARACTERS
JohnWho is Rabbit?
$2,000
MaggieWho
$4,000
CharlesWho is Garp
$1,399
James Bond ("The World Is Not Enough")

Final scores:

Charles John Maggie
$8,601 $1,300 $300
2-day champion: $15,000 2nd place: a JVC home theater system + a DirecTV satellite system 3rd place: an Epson Photo PC750Z camera

Game dynamics:

Coryat scores:

Charles John Maggie
$10,400 $3,300 $4,800
23 R,
5 W
(including 1 DD)
11 R,
4 W
15 R
(including 1 DD),
6 W
(including 1 DD)

Combined Coryat: $18,500

[game clues] [game scores] [suggest correction]

Game tape date: 1999-12-14
The J! Archive is created by fans, for fans. Scraping, republication, monetization, and malicious use prohibited; this site may use cookies and collect identifying information. See terms. The Jeopardy! game show and all elements thereof, including but not limited to copyright and trademark thereto, are the property of Jeopardy Productions, Inc. and are protected under law. This website is not affiliated with, sponsored by, or operated by Jeopardy Productions, Inc. Join the discussion at JBoard.tv.